000 00596nam a22002297a 4500
003 OSt
005 20140310183023.0
008 130215t xxu||||| |||| 00| 0 eng d
020 _a9789712349249
050 _aHA29
_b.Al333 2008
082 _aFIL 519.5
_bAl1 2008
245 _aBasic Statistics for the Tertiary Level
_cAlbert, Jose Ramon G.
260 _aManila
_bRex Book Store
_c2008
300 _a257 p.
_c23 cm.
521 _acollege students
526 _c1210L-1700L
541 _j1
541 _j2
541 _j3
562 _e3
942 _2lcc
_cBK
_kFIL
999 _c18384
_d18384